00371nam a2200169Ia 4500008004100000041001200041082001800053100001600071245001800087365000600105520001400111546001200125630001800137650001400155655001400169730001800183101110s9999 xx 000 0 und d aENGLISH bSR5449a181.4 aNichol John aFrancis Bacon b3 aSociology aENGLISH aFrancis Bacon aSociology aSociology aFrancis Bacon